00597cam a22002291 4500001001300000003000400013005001700017008004100034010001700075035002000092040001800112042001200130050001700142245002800159260001900187300002300206500001500229650003400244700002000278700002300298700004600321sa 68000107 DLC20260227112420.0881102s1965 xx 000 0 hinr  asa 68000107  a(OCoLC)23539074 aDLCcMiUdDLC apremarc00aPK1937b.B7500aBṛhat Hindī kośa. a[n.p.]c[1965] a8, 1790 p.c25 cm. aRomanized. 0aHindi languagevDictionaries.1 aPrasad, Kalika.1 aSahay, Rajvallabh.1 aŚrīvāstava, Mukundīlāla,d1896-